| 000 | 03474cam a22004097i 4500 | ||
|---|---|---|---|
| 001 | 18648729 | ||
| 003 | OSt | ||
| 005 | 20230818155710.0 | ||
| 008 | 150605t20172017at a b 001 0 eng d | ||
| 010 | _a 2015943329 | ||
| 020 | _a9789391566111 | ||
| 020 | _a9781305632295 | ||
| 020 |
_a130563229X _q(hbk) |
||
| 035 | _a(OCoLC)ocn946635421 | ||
| 040 |
_aELW _beng _cELW _erda _dOCLCF _dJHE _dYDXCP _dBTCTA _dYDX _dDLC |
||
| 042 | _alccopycat | ||
| 050 | 0 | 0 |
_aHG4026 _b.B669 2017 |
| 082 | 0 | 4 |
_a658.15 _bBRI/F |
| 100 |
_aBrigham, Eugene F _d1930- _eauthor. _91146 |
||
| 245 | 1 | 0 |
_aFinancial management : _btheory & practice / _cEugene F. Brigham, University of Florida, Michael C. Ehrhardt, University of Tennessee. |
| 250 | _a15e. | ||
| 264 | 1 |
_aAustralia ; _aBoston, MA : _bCengage Learning, _c[2017] |
|
| 264 | 4 | _c©2014 | |
| 300 |
_axxxii, 1180 pages : _bcolor illustrations ; _c26 cm |
||
| 336 |
_atext _btxt _2rdacontent |
||
| 337 |
_aunmediated _bn _2rdamedia |
||
| 338 |
_avolume _bnc _2rdacarrier |
||
| 504 | _aIncludes bibliographical references and indexes. | ||
| 505 | 0 | _a1: An Overview of Financial Management and the Financial Environment. Web Extensions. 1A: An Overview of Derivatives. 1B: A Closer Look at the Stock Markets. 2: Financial Statements, Cash Flow, and Taxes. Web Extensions. 2A: The Federal Income Tax System for Individuals. 3: Analysis of Financial Statements. 4: Time Value of Money. Web Extensions. 4A: The Tabular Approach. 4B: Derivation of Annuity Formulas. 4C: Continuous Compounding. 5: Bonds, Bond Valuation, and Interest Rates. Web Extensions. 5A: A Closer Look at Zero Coupon Bonds. 5B: A Closer Look at TIPS: Treasury Inflation-Protected Securities. 5C: A Closer Look at Bond Risk: Duration. 5D: The Pure Expectations Theory and Estimation of Forward Rates. 6: Risk and Return. Web Extensions. 6A: Continuous Probability Distributions. 6B: Estimating Beta with a Financial Calculator. 7: Valuation of Stocks and Corporations. Web Extensions. 7A: Derivation of Valuation Equations. 8: Financial Options and Applications in Corporate Finance. 9: The Cost of Capital. Web Extensions. 9A: The Required Return Assuming Nonconstant Dividends and Stock. Repurchases. 10: Basics of Capital Budgeting: Evaluating Cash Flows. Web Extensions. 10A: The Accounting Rate of Return (ARR). 11: Cash Flow Estimation and Risk Analysis. Web Extensions. 11A: Certainty Equivalents and Risk-Adjusted Discount Rates. 12: Corporate Valuation and Financial Planning. 13: Corporate Governance. 14: Distributions to Shareholders: Dividends and Repurchases. 15: Capital Structure Decisions. Web Extensions15A: Degree of Leverage. 16: Supply Chains and Working Capital Management. Web Extensions. 16A: Secured Short-Term Financing. 17: Multinational Financial Management. 18: Public and Private Financing: Initial Offerings, Seasoned Offerings, and Investment Banks. Web Extensions. 18A: Rights Offerings. 19: Lease Financing. Web Extensions. 19A: Leasing Feedback. 19B: Percentage Cost Analysis. 19C: Leveraged Leases. 20: Hybrid Financing: Preferred Stock, Warrant. | |
| 650 | 0 |
_aCorporations _xFinance. |
|
| 650 | 7 |
_aCorporations _xFinance. _2fast _0(OCoLC)fst00879841 |
|
| 700 | 1 |
_aEhrhardt, Michael C., _d1955- _eauthor. |
|
| 906 |
_a7 _bcbc _ccopycat _d2 _encip _f20 _gy-gencatlg |
||
| 942 |
_2ddc _cBK _h658.15 _iBRI/F _k658.15 _mBRI/F |
||
| 999 |
_c41918 _d41918 |
||